000 00444nam a2200181Ia 4500
001 3484
005 20260306145647.0
008 260306t1996||||xx |||||||||||||| ||spa||
041 _aESP
082 _a280
_bC76
100 _aV Congreso Internacional de la Reconciliación
_eAUT
245 0 _aNueva evangelización rumbo al tercer milenio
260 _c1996
300 _a
_c
650 _aGEN
654 _aCHU
942 _cLIB
_dJUS
_fJUS
_2ddc
_n
999 _c3484
_d3484